Principles of macroeconomics / (Record no. 9034)

MARC details
000 -LEADER
fixed length control field 00813nac a22002291u 4500
010 ## - LIBRARY OF CONGRESS CONTROL NUMBER
LC control number 012387904
020 ## - INTERNATIONAL STANDARD BOOK NUMBER
International Standard Book Number 0618056246 (pbk.)
022 ## - INTERNATIONAL STANDARD SERIAL NUMBER
International Standard Serial Number 9780618640881
082 ## - DEWEY DECIMAL CLASSIFICATION NUMBER
Classification number 339
Item number TAY
090 ## - LOCALLY ASSIGNED LC-TYPE CALL NUMBER (OCLC); LOCAL CALL NUMBER (OCLC)
-- 9034
-- 9034
100 ## - MAIN ENTRY--PERSONAL NAME
Personal name Taylor, John B.
245 ## - TITLE STATEMENT
Title Principles of macroeconomics /
Statement of responsibility, etc John B. Taylor.
250 ## - EDITION STATEMENT
Edition statement 5th ed.
260 ## - PUBLICATION, DISTRIBUTION, ETC. (IMPRINT)
Place of publication, distribution, etc Boston :
Name of publisher, distributor, etc Houghton Mifflin, c2007.
Date of publication, distribution, etc c2007.
300 ## - PHYSICAL DESCRIPTION
Extent 485 p. :
Other physical details ill. (chiefly col.), col. maps, ports. (chiefly col.) ;
Dimensions 26 cm.
500 ## - GENERAL NOTE
General note Distributer: Baccah.
504 ## - BIBLIOGRAPHY, ETC. NOTE
Bibliography, etc Includes bibliographical references and index.
511 ## - PARTICIPANT OR PERFORMER NOTE
Participant or performer note Catalogued By: Mahitab.
650 ## - SUBJECT ADDED ENTRY--TOPICAL TERM
Topical term or geographic name as entry element Macroeconomics.
942 ## - ADDED ENTRY ELEMENTS (KOHA)
Item type Book - Borrowing
Call number prefix 339TAY
Holdings
Withdrawn status Item status Damaged status Not for loan Home library Current library Shelving location Date acquired Source of acquisition Total Checkouts Full call number Barcode Date last seen Date last borrowed Cost, replacement price Koha item type
        Central Library Central Library First floor 20/04/2008 Purchase 1 339TAY 000010925 15/07/2025 03/03/2009 223.70 Book - Borrowing